Profanity Hill / (Запис № 539593)
[ простий вигляд ]
| 000 -LEADER | |
|---|---|
| fixed length control field | 01280cam a2200289Ii 4500 |
| 001 - CONTROL NUMBER | |
| control field | profanityhill00mill |
| 003 - CONTROL NUMBER IDENTIFIER | |
| control field | CaSfIA |
| 005 - DATE AND TIME OF LATEST TRANSACTION | |
| control field | 20210118212356.0 |
| 007 - PHYSICAL DESCRIPTION FIXED FIELD--GENERAL INFORMATION | |
| fixed length control field | cr|||| |
| 008 - FIXED-LENGTH DATA ELEMENTS--GENERAL INFORMATION | |
| fixed length control field | 791024s1979 waua 000 0 eng d |
| 040 ## - CATALOGING SOURCE | |
| Original cataloging agency | WAU |
| Transcribing agency | WAU |
| Modifying agency | OCLCQ |
| -- | CaSfIA |
| 035 ## - SYSTEM CONTROL NUMBER | |
| System control number | (OCoLC)5583395 |
| 043 ## - GEOGRAPHIC AREA CODE | |
| Geographic area code | n-us-wa |
| 050 #4 - LIBRARY OF CONGRESS CALL NUMBER | |
| Classification number | F899.S46 |
| Item number | Y45 |
| 082 #4 - DEWEY DECIMAL CLASSIFICATION NUMBER | |
| Classification number | 301.4/41/09797 |
| 100 1# - MAIN ENTRY--PERSONAL NAME | |
| Personal name | Miller, Irene Burns. |
| 245 10 - TITLE STATEMENT | |
| Title | Profanity Hill / |
| Medium | [electronic resource] |
| Statement of responsibility, etc | by Irene Burns Miller ; illustrations by Jeri Burnside. |
| 260 ## - PUBLICATION, DISTRIBUTION, ETC. (IMPRINT) | |
| Place of publication, distribution, etc | Everett : |
| Name of publisher, distributor, etc | Working Press, |
| Date of publication, distribution, etc | c1979. |
| 300 ## - PHYSICAL DESCRIPTION | |
| Extent | iv, 139 p. : |
| Other physical details | ill. ; |
| Dimensions | 22 cm. |
| 506 ## - RESTRICTIONS ON ACCESS NOTE | |
| Standardized terminology for access restriction | Необхідна авторизація на https://archive.org/ (створення облікового запису безкоштовно) |
| 506 ## - RESTRICTIONS ON ACCESS NOTE | |
| Standardized terminology for access restriction | Необхідна авторизація на https://openlibrary.org/ (створення облікового запису безкоштовно) |
| 600 10 - SUBJECT ADDED ENTRY--PERSONAL NAME | |
| Personal name | Miller, Irene Burns. |
| 650 #0 - SUBJECT ADDED ENTRY--TOPICAL TERM | |
| Topical term or geographic name as entry element | Relocation (Housing) |
| Geographic subdivision | Washington (State) |
| -- | Seattle. |
| 856 41 - ELECTRONIC LOCATION AND ACCESS | |
| Uniform Resource Identifier | <a href="http://www.archive.org/details/profanityhill00mill">http://www.archive.org/details/profanityhill00mill</a> |
| Public note | Free eBook from the Internet Archive |
| 856 42 - ELECTRONIC LOCATION AND ACCESS | |
| Uniform Resource Identifier | <a href="http://www.openlibrary.org/books/OL24240631M">http://www.openlibrary.org/books/OL24240631M</a> |
| Public note | Additional information and access via Open Library |
| 942 ## - ADDED ENTRY ELEMENTS (KOHA) | |
| Koha item type | ЕКнига |
Немає доступних примірників.